| 000 | 00371nam a2200145Ia 4500 | ||
|---|---|---|---|
| 008 | 230312s9999||||xx |||||||||||||| ||und|| | ||
| 020 | _a0-683-18333-8 | ||
| 082 |
_a613.71 _bHOL-E |
||
| 100 | _aHolloszy;John.O | ||
| 245 | 0 | _aExercise and Sport Sciences Reviews | |
| 260 |
_bWilliams & Wiklins _aUSA _c1997 |
||
| 300 | _a470 | ||
| 650 |
_aMedical _vMedicine |
||
| 942 | _cBK | ||
| 999 |
_c11423 _d11423 |
||